STN EN ISO 18274 Zváracie materiály drôty, tyčky, drôtové a pásové elektródy na oblúkové zváranie niklu a zliatin niklu : klasifikácia

Podrobná bibliografia
Médium: Kniha
Jazyk:neznámy jazyk
Vydavateľské údaje: Bratislava Slovenský ústav technickej normalizácie 2004
Predmet:

MARC

LEADER 00000nam a2200000 a 4500
001 vtls001484725
003 SK-MaSNL
005 20260301163924.0
008 130607s2004 xo 0 und
035 |a SNK000440019 
040 |a SNK  |b slo  |c SNK  |e AACR2 
044 |a xo  |c SK 
245 1 |a STN EN ISO 18274 Zváracie materiály  |b drôty, tyčky, drôtové a pásové elektródy na oblúkové zváranie niklu a zliatin niklu : klasifikácia 
260 |a Bratislava  |b Slovenský ústav technickej normalizácie  |c 2004 
500 |a táto norma je slovenskou verziou EN ISO 18274: 2004 
655 7 |a normy  |2 SNK  |9 70643 
999 |c 818749  |d 820679 
952 |t P60, <03>, [BOOK], {603}  |a SNK  |b SNK  |y PREZ  |7 0  |p 17A0449174  |o snkSTN EN ISO 18274  |i snkN 4606/2004  |0 0  |1 0  |4 0  |d 2004-11-03  |l 0  |r 2005-01-02 00:00:00  |w 2026-02-24 
952 |t P66, <07>, [BOOK], {667}  |a SNK  |b SNK  |y PREZ  |7 0  |p 17A0449175  |o snkSTN EN ISO 18274 D1  |i snkN 4607/2004  |0 0  |1 0  |4 0  |d 2004-11-03  |l 0  |r 2005-01-02 00:00:00  |w 2026-02-24